Loreto College Library, Kolkata
WEBOPAC (ONLINE PUBLIC ACCESS CATALOGUE)

The making and working of the Indian Constitution (Record no. 43596)

MARC details
000 -LEADER
fixed length control field 00704nam a22002297a 4500
005 - DATE AND TIME OF LATEST TRANSACTION
control field 20240116160021.0
008 - FIXED-LENGTH DATA ELEMENTS--GENERAL INFORMATION
fixed length control field 240116b |||||||| |||| 00| 0 eng d
020 ## - ISBN | অাই এস বি এন
ISBN | অাই এস বি এন 8123755481
PRICE Rs.175.00
040 ## - CATALOGING SOURCE
Original cataloging agency Loreto college
041 ## - LANGUAGE CODE
Language code English
082 ## - DDC | ডিউই
Classification number | বর্গসংখ্যা 342.954
Book Number | গ্রন্থাঙ্ক CHA
100 ## - MAIN ENTRY--PERSONAL NAME | মুখ্য সংলেখ - ব্যাক্তিনাম
Personal name | ব্যাক্তিনাম Chaube,Shibani Kinkar
245 ## - TITLE STATEMENT | অাখ্যা বিবরণী
Title | অাখ্যা The making and working of the Indian Constitution
Statement of responsibility | লেখকের দায়িত্বের বিবরণ Shibani Kinkar Chaube
260 ## - IMPRINT | প্রকাশনা ক্ষেত্র
Place of publication | প্রকাশ স্থান New Delhi
Name of publisher | প্রকাশকের নাম National Book Trust
Date of publication | প্রকাশ কাল 2020
300 ## - PHYSICAL DESCRIPTION |
Page / Vol. No | পৃষ্ঠা / খন্ড সংখ্যা ix,285p
Other physical details | অনান্য বাহ্যিক বিবরণ 22cm
504 ## - BIBLIOGRAPHY, ETC. NOTE
Bibliography, etc Includes bibliographical references and index
650 ## - SUBJECT ADDED ENTRY--TOPICAL TERM | বিষয় শিরোনাম - মূল বিষয়
Topical term | মূল বিষয় Constitution
Geographic subdivision | ভৌগলিক বিভাগ India
650 ## - SUBJECT ADDED ENTRY--TOPICAL TERM | বিষয় শিরোনাম - মূল বিষয়
Topical term | মূল বিষয় Constitutional and administrative law
651 ## - SUBJECT ADDED ENTRY--GEOGRAPHIC NAME | বিষয় শিরোনাম - ভৌগলিক নাম
Geographic name | ভৌগলিক বিষয় India
Form subdivision | রুপগত বিভাগ Constitutional law
850 ## - HOLDING INSTITUTION
Holding institution LCLIB
942 ## - ADDED ENTRY ELEMENTS (KOHA)
Koha item type Books
Holdings
Withdrawn status Lost status Source of classification Damaged status Not for loan Home library Current library Date acquired Price Total Checkouts Full call number Accession No. Date last seen Price effective from Koha item type SEMLIB Coded location qualifier Date checked out
    Dewey Decimal Classification     Loreto College Loreto College 16/01/2024 175.00   342.954 CHA 54448 POLSEMLIB/1335 47729 16/01/2024 16/01/2024 Books PLScSemLib    
    Dewey Decimal Classification     Loreto College Loreto College 16/01/2024 175.00   342.954 CHA 54449 POLSEMLIB/1336 47730 16/01/2024 16/01/2024 Books PLScSemLib    
    Dewey Decimal Classification     Loreto College Loreto College 16/01/2024 175.00   342.954 CHA 54450 POLSEMLIB/1337 47731 16/01/2024 16/01/2024 Books PLScSemLib    
    Dewey Decimal Classification     Loreto College Loreto College 16/01/2024 175.00   342.954 CHA 54451 47732 16/01/2024 16/01/2024 Books      
    Dewey Decimal Classification     Loreto College Loreto College 16/01/2024 175.00 1 342.954 CHA 54452 47733 12/08/2024 16/01/2024 Books     31/07/2024